书目信息 |
| 题名: |
金融理财原理习题集
|
|
| 作者: | ;北京金融培训中心教研部 组织编写 | |
| 分册: | ||
| 出版信息: | 北京 中信出版社 2008 |
|
| 页数: | 374页 | |
| 开本: | 24cm | |
| 丛书名: | ||
| 单 册: | ||
| 中图分类: | F830.59 | |
| 科图分类: | ||
| 主题词: | 金融投资--考核--习题 , 金融投资 | |
| 电子资源: | ||
| ISBN: | 978-7-5086-1243-0 | |
| 000 | 00981nam0 2200253 45 | |
| 005 | 20100303111217.37 | |
| 010 | @a978-7-5086-1243-0@dCNY58.00 | |
| 100 | @a20100121e20092008em y0chiy0110 ea | |
| 101 | 0 | @achi |
| 102 | @aCN@b110000 | |
| 105 | @ay q 000yy | |
| 106 | @ar | |
| 200 | 1 | @a金融理财原理习题集@AJin Rong Li Cai Yuan Li Xi Ti Ji@f北京金融培训中心教研部组织编写@FBei Jing Jin Rong Pei Xun Zhong Xin Jiao Yan Bu Zu Zhi Bian Xie |
| 205 | @a2版 | |
| 210 | @a北京@c中信出版社@d2008@h2009 | |
| 215 | @a374页@d24cm | |
| 300 | @aAFP资格认证培训指定教辅 | |
| 330 | @a本书包括金融理财基础、个人风险管理与保险规划、投资规划、员工福利与退休计划、个人税务与遗产筹划及综合理财规划六部分的金融理财师考核习题及参考答案。 | |
| 606 | 0 | @a金融投资@x考核@x习题 |
| 606 | 0 | @a金融投资 |
| 690 | @aF830.59@v4 | |
| 711 | 02 | @a北京金融培训中心教研部@ABei Jing Jin Rong Pei Xun Zhong Xin Jiao Yan Bu@4组织编写 |
| 801 | 0 | @aCN@bTANGWEI@c20100303 |
| 905 | @b0585475-79@dF830.59@e145=2@f5 | |
| 金融理财原理习题集/北京金融培训中心教研部组织编写.-2版.-北京:中信出版社,2008(2009) |
| 374页;24cm |
| AFP资格认证培训指定教辅 |
| ISBN 978-7-5086-1243-0:CNY58.00 |
| 本书包括金融理财基础、个人风险管理与保险规划、投资规划、员工福利与退休计划、个人税务与遗产筹划及综合理财规划六部分的金融理财师考核习题及参考答案。 |
| ● |
| 相关链接 |
|
|
|
|
正题名:金融理财原理习题集
索取号:F830.59/145=2
 
预约/预借
| 序号 | 登录号 | 条形码 | 馆藏地/架位号 | 状态 | 备注 |
| 1 | 0585475 | 205854752 | 第一样本阅览室/ [索取号:F830.59/145=2] | 在馆 | |
| 2 | 0585476 | 205854761 | 第一借阅区/ [索取号:F830.59/145=2] | 在馆 | |
| 3 | 0585477 | 205854770 | 密集书库-海洋学院/ [索取号:F830.59/145=2] | 在馆 | |
| 4 | 0585478 | 205854789 | 第一借阅区/ [索取号:F830.59/145=2] | 在馆 | |
| 5 | 0585479 | 205854798 | 第一借阅区/ [索取号:F830.59/145=2] | 在馆 |